000 00377nam a22001337a 4500
999 _c527775
_d527775
008 240924b ||||| |||| 00| 0 eng d
100 _aKing, Alice
_958295
245 _a New directions in sexual violence scholarship
260 _aSocial &Legal Studies
300 _a33(4), Aug, 2024: p.668-670
773 _aSocial &Legal Studies
906 _aBOOK REVIEW
942 _cAR